| 000 | 00403nam a2200133Ia 4500 | ||
|---|---|---|---|
| 003 | GCL | ||
| 008 | 140319s9999 xx 000 0 ara d | ||
| 040 |
_aGCL / _cGCL |
||
| 082 | 0 | 4 |
_a641.7 _bص م |
| 245 | 1 | 0 | _aمطبخ المغرب العربى |
| 260 |
_a[S.N] : _bدار الكتاب المصرى ، _c1994 |
||
| 300 | _a16 ص | ||
| 490 |
_aالمطبخ الميسر - دائرة معارف الطبخ _v0 |
||
| 999 |
_c38555 _d38555 |
||